| 000 | 00999aaa a2200241 a 4500 | ||
|---|---|---|---|
| 003 | BLK | ||
| 005 | 20250120095100.0 | ||
| 007 | ta | ||
| 008 | 221104b bu |||||r|||| 00| | bu d | ||
| 040 | _aBLK | ||
| 041 |
_aBUL _cBUL |
||
| 080 |
_aРегионална икономика. Териториална икономика. Вж и 314.7 ; 330.15 ; 330.322 ; 331.5 ; 338.49 _b332.1 _z332.1(497.215) |
||
| 100 |
_9293092 _aГецов, Петър Стефанов |
||
| 245 |
_aИкономиката на Русе остава пета по големина в страната _cПетър Гецов |
||
| 300 | _aс. 1, 2 | ||
| 520 | _aАнализ на Института за пазарна икономика | ||
| 653 |
_9195357 _aрегионална икономика |
||
| 773 | 0 |
_tУтро, № 7, 13 ян. 2025 _w524478 _i. // |
|
| 856 |
_i0.00 _ldisable |
||
| 942 |
_2udc _cSTA _n0 |
||
| 944 |
_cВаля Йорданова _k30558 _lВаля Йорданова |
||
| 999 |
_c524900 _d524900 |
||
| 999 | _d524900 | ||